000
00222 a2200097 4500
001
3663
100
_a
Allana, G
245
_a
Pakistan movement his documents
260
_a
_b
paradise subs cription
_c
090
_c
2924
_d
2924
942
_a
NUST-CAE
_c
M
_c
21380
999
_c
238736
_d
238736